Mariano Marcos State University

University Library System

Design, construction and evaluation of hand tractor-drawn-ride-on leveler (Record no. 9605)

MARC details
000 -LEADER
fixed length control field 00600nam a22001697a 4500
003 - CONTROL NUMBER IDENTIFIER
control field OSt
005 - DATE AND TIME OF LATEST TRANSACTION
control field 20171010095451.0
008 - FIXED-LENGTH DATA ELEMENTS--GENERAL INFORMATION
fixed length control field 120627t xxu||||| |||| 00| 0 eng d
040 ## - CATALOGING SOURCE
Original cataloging agency MMSU
Transcribing agency ULS
100 ## - MAIN ENTRY--PERSONAL NAME
Personal name Sabigan, Norwell A.
9 (RLIN) 10783
245 ## - TITLE STATEMENT
Title Design, construction and evaluation of hand tractor-drawn-ride-on leveler
Statement of responsibility, etc. Norwell A. Sabigan
260 ## - PUBLICATION, DISTRIBUTION, ETC.
Date of publication, distribution, etc. 2008
300 ## - PHYSICAL DESCRIPTION
Extent xiv, 56 leaves
Dimensions 28 cm.
500 ## - GENERAL NOTE
General note Thesis (BS Agricultural Engineering) -- Mariano Marcos State University-College of Agriculture & Forestry, Batac City
504 ## - BIBLIOGRAPHY, ETC. NOTE
Bibliography, etc. note Bibliography: leaves 34-35
942 ## - ADDED ENTRY ELEMENTS (KOHA)
Source of classification or shelving scheme
Koha item type Thesis/Dissertation
Holdings
Withdrawn status Lost status Source of classification or shelving scheme Damaged status Not for loan Home library Current library Date acquired Total Checkouts Barcode Date last seen Price effective from Koha item type Public note
          REF REF 06/27/2012   3440-Un 10/10/2017 10/10/2017 Thesis/Dissertation Library Use only

© 2023 Mariano Marcos State University. All Rights Reserved.

Powered by Koha